000 00291nam a22001337a 4500
003 SGT
020 _a9780195678574
082 _bDRE
100 _aDREZE, JEAN
245 _aINDIA DEVELOPMENT AND PARTICIPATION
260 _bOXFORD UNIVERSITY PRESS
_c2005
300 _a512
942 _2ddc
_cBK
999 _c16331
_d16331